| 000 | 00935nam a2200301 a 4500 | ||
|---|---|---|---|
| 001 | 25636 | ||
| 003 | CO-ViMGA | ||
| 008 | 141112s2004 ck r 000 u spa d | ||
| 020 | _a9789588639048 | ||
| 040 |
_aCO-ViMGA _bspa _cCO-ViMGA |
||
| 041 | _aSPA | ||
| 090 | _aN PAV1 | ||
| 100 | 1 |
_aPavese, Cesare, 1908 - 1950 _939352 |
|
| 245 | 1 | 0 |
_aCamino de sangre / _cCesare Pavese y Bianca Garufi ; traducción de César Palma |
| 250 | _a1a ed., 1a reimpr. | ||
| 260 |
_aBogotá : _bLumen, _c2013 |
||
| 300 | _a94 p. | ||
| 490 | _aPalabra en el tiempo | ||
| 500 | _aTítulo original : Fuoco grande. | ||
| 650 | 1 | 4 |
_aAMOR - NOVELA _92654 |
| 650 | 1 | 4 |
_aAUTORES ITALIANOS _939353 |
| 650 | 1 | 4 |
_aLITERATURA ITALIANA - SIGLO XX _939354 |
| 650 | 1 | 4 |
_aNOVELA ITALIANA - SIGLO XX _939355 |
| 650 | 1 | 4 | _aRELACIONES DE PAREJA - NOVELA |
| 700 | 1 |
_aGarufi, Bianca, 1918 - 2006 _939356 |
|
| 700 | 1 |
_aPalma, César _939357 |
|
| 942 |
_2ddc _cBK |
||
| 999 |
_c5209 _d5209 |
||